00154nam a2200061 4500082001400000100003400014245004400048 a541.3 PHY aInstitute of chemistry ceylon aPhysical chemistry practicals section B